000
00321pab a2200133 454500
008
180718b2006 xxu||||| |||| 00| 0 eng d
100
_a
Stevens, Jacqueline
245
_a
Recreating the state
260
_c
2006
300
_a
p.755-66.
650
_a
International law
773
_a
Third World Quarterly
909
_a
72912
999
_c
72912
_d
72912